00580nam a2200205 a 450000100100000000500170001000800410002702000150006804000250008308200250010810000280013324500390016125000110020026000370021130000280024849000260027665000200030265000240032283000280034600002379520200930022456.0110113s1980 sp a 000 f spa d a8432202649 aDO-SdBNPbspacBNPHU aM863.44bF954c, 19801 aFuentes, Carlos,d1928-10aCambios de piel /cCarlos Fuentes. a2a ed. aBarcelona :bSeix Barral,c1980. a503 p. :bil. ;c20 cm.1 aBiblioteca brevev262 4aNovela mexicana 4aLiteratura mexicana 0aBiblioteca breve ;v262